Statistics for Countries with a Partly Free Press in 2017

Click here to take the quiz!

General Stats

  • This quiz has been taken 6 times
  • The average score is 52 of 70

Answer Stats

Answer% Correct
India
100%
Israel
100%
Albania
80%
Antigua and Barbuda
80%
Argentina
80%
Benin
80%
Bhutan
80%
Bolivia
80%
Bosnia and Herzegovina
80%
Bulgaria
80%
Burkina Faso
80%
Comoros
80%
Cote d'Ivoire
80%
Croatia
80%
Dominican Republic
80%
El Salvador
80%
Georgia
80%
Ghana
80%
Greece
80%
Guatemala
80%
Guinea-Bissau
80%
Guyana
80%
Haiti
80%
Hungary
80%
Indonesia
80%
Italy
80%
Kosovo
80%
Lebanon
80%
Lesotho
80%
Liberia
80%
Madagascar
80%
Mali
80%
Mauritania
80%
Moldova
80%
Mongolia
80%
Montenegro
80%
Mozambique
80%
Nicaragua
80%
Niger
80%
Nigeria
80%
Panama
80%
Paraguay
80%
Peru
80%
Philippines
80%
Romania
80%
Senegal
80%
Serbia
80%
Seychelles
80%
Sierra Leone
80%
South Africa
80%
South Korea
80%
Togo
80%
Ukraine
80%
Afghanistan
60%
Brazil
60%
Colombia
60%
East Timor
60%
Fiji
60%
Kenya
60%
Namibia
60%
Nepal
60%
Poland
60%
Republic of the Congo
60%
Tanzania
60%
Tunisia
60%
Uganda
60%
Botswana
40%
Kuwait
40%
Malawi
40%
Nauru
40%

Score Distribution

Percentile by Number Answered

Percent of People with Each Score

Your Score History

You have not taken this quiz